000
00276nam a22001337a 4500
008
181001b xxu||||| |||| 00| 0 eng d
020
_a
0840350988
041
_a
eng
080
_a
573
100
_a
11
101
_a
BIO
245
_a
Life science
_c
Capra,J
942
_2
udc
_c
BK
999
_c
48732
_d
48732